Midnight Memories - One Direction (All Lyrics) - Statistics

General Stats
  • This quiz has been taken 149 times
  • The average score is 216 of 274
Answer Stats
Lyrics % Correct
A
96%
I
96%
Me
95%
You
95%
Do
94%
To
94%
Just
92%
The
92%
Don't
90%
Memories,
90%
Memories
90%
Midnight
90%
And
89%
Never
89%
Oh,
89%
Oh
89%
New
87%
Hotel
86%
In
86%
It,
86%
It
86%
Straight
86%
We
86%
Down
85%
Baby,
84%
But
84%
Tell
84%
What
84%
Could
82%
People
82%
Too
80%
Way
80%
Many
78%
No
78%
Off
78%
Touched
78%
Listen
77%
Plane
77%
Street
77%
When
77%
All
76%
Addison
75%
Friends
75%
How
75%
Know
75%
With
75%
Go
73%
Kitchen
73%
Singing,
73%
Singing
73%
Talk
73%
I'm
72%
Is
72%
My
72%
Our
72%
For
71%
Much
71%
Care
70%
Night
70%
So
70%
Shh,
68%
That
68%
Crowded
67%
Spend
67%
This
67%
Let's
66%
Say
66%
Pretend
65%
Sense
65%
Wanna
65%
Where
65%
Jeans
63%
Making
63%
Party
63%
Tonight,
62%
Wrong
62%
Different
61%
Finding
61%
At
59%
Back,
59%
Lee
59%
Follow
58%
Going,
58%
Look
58%
Nothing's
58%
Now
58%
Skinny
58%
Stop,
58%
Big
57%
Day
57%
Give
57%
House
57%
One,
57%
Three
57%
Two,
57%
More
56%
Need,
56%
Old
56%
Same
54%
Please
53%
Five
51%
Something
51%
Age
49%
Anywhere
49%
Foot
49%
Stumbling
44%
Whoa
39%
No matching quizzes found
Score Distribution
Percent of People with Each Score
Percentile by Number Answered
Your Score History
You have not taken this quiz